Marvel Characters with Numbers in Their Names by Picture - Statistics

General Stats
  • This quiz has been taken 23 times
  • The average score is 9 of 22
Answer Stats
Picture Answer % Correct
X-23
90%
8-Ball
85%
ADAM Unit Zero
85%
Zero
85%
Agent 13
65%
Ancient One
65%
Two-Gun Kid
65%
3D Man
55%
Charlie-27
45%
Charlie Cluster-7
40%
X-51
35%
Zero-G
35%
Agent Zero
30%
J2
30%
Cloud 9
25%
Bride of Nine Spiders
20%
M-11
20%
Red 9
15%
Lambda-Zero
10%
Mercurio the 4-D Man
10%
Big Zero
5%
Zero/One
5%
No matching quizzes found
Score Distribution
Percent of People with Each Score
Percentile by Number Answered
Your Score History
You have not taken this quiz